Madhavikkuttiyude moonnu novelukal/ (Record no. 52717)

000 -LEADER
fixed length control field 00386nam a22001577a 4500
020 ## - INTERNATIONAL STANDARD BOOK NUMBER
ISBN 81-7130-700-0
082 ## - DEWEY DECIMAL CLASSIFICATION NUMBER
Classification number M3
Item number MAD/M
100 ## - MAIN ENTRY--AUTHOR NAME
Personal name Madhavikkutty
245 ## - TITLE STATEMENT
Title Madhavikkuttiyude moonnu novelukal/
Statement of responsibility, etc by Madhavikkutty
260 ## - PUBLICATION, DISTRIBUTION, ETC. (IMPRINT)
Place of publication Kottayam:
Name of publisher D C,
Year of publication 2012.
300 ## - PHYSICAL DESCRIPTION
Number of Pages 80p.
650 ## - SUBJECT ADDED ENTRY--TOPICAL TERM
Topical Term Novel Malayalam
650 ## - SUBJECT ADDED ENTRY--TOPICAL TERM
Topical Term Literature Malayalam
650 ## - SUBJECT ADDED ENTRY--TOPICAL TERM
Topical Term Literature
942 ## - ADDED ENTRY ELEMENTS (KOHA)
Koha item type Book
Holdings
Withdrawn status Lost status Damaged status Not for loan Permanent Location Current Location Shelving location Date acquired Cost, normal purchase price Full call number Accession Number Price effective from Koha item type
        Sree Sankaracharya University of Sanskrit Sree Sankaracharya University of Sanskrit Stacks 06.05.2015 60.00 M3 MAD/M 075547 06.05.2015 Book